| 000 | 00567nam a2200181Ia 4500 | ||
|---|---|---|---|
| 003 | GCL | ||
| 008 | 140319s9999 xx 000 0 ara d | ||
| 040 |
_aGCL / _cGCL |
||
| 082 | 0 | 4 |
_a658.3 _bس ش |
| 100 | 1 | _aسر الختمر محجوب على | |
| 245 | 1 | 0 |
_aالشبكة الادارية :دراسة فى انماط السلوك الادارى / _cسر الختمر محجوب على |
| 300 | _a233 ص | ||
| 490 | _a | ||
| 650 | 0 | 4 | _aالادارة العامة |
| 650 | 0 | 4 | _aادارة الافراد |
| 650 | 0 | 4 | _aالعمل الجماعى |
| 942 |
_2ddc _cBK |
||
| 999 |
_c39560 _d39560 |
||